Strategic forum (Record no. 110842)

MARC details
000 -LEADER
fixed length control field 00874cam a22001935a 4500
001 - CONTROL NUMBER
control field E150354
008 - FIXED-LENGTH DATA ELEMENTS--GENERAL INFORMATION
fixed length control field 100702s2010 xxk f 000 0 eng d
035 ## - SYSTEM CONTROL NUMBER
System control number (Sirsi) u150354
041 0# - LANGUAGE CODE
Language code of text/sound track or separate title eng
110 2# - MAIN ENTRY--CORPORATE NAME
Corporate name or jurisdiction name as entry element Strategic Forum for Construction
9 (RLIN) 4358
245 00 - TITLE STATEMENT
Title Strategic forum
Remainder of title targets to 2012
Medium [electronic resource]
260 ## - PUBLICATION, DISTRIBUTION, ETC.
Place of publication, distribution, etc. London
Name of publisher, distributor, etc. SFC
Date of publication, distribution, etc. 2010
520 ## - SUMMARY, ETC.
Summary, etc. Sets out targets in six areas for the construction industry, through which it is hoped to increase best practice and improve the industry. The areas discussed are: procurement and integration; commitment to people; client leadership; sustainability; design quality; and health and safety.
590 ## - LOCAL NOTE (RLIN)
Local note KA
651 #4 - SUBJECT ADDED ENTRY--GEOGRAPHIC NAME
Geographic name United Kingdom
Chronological subdivision
690 ## - LOCAL SUBJECT ADDED ENTRY--TOPICAL TERM (OCLC, RLIN)
Topical term or geographic name as entry element Construction management
9 (RLIN) 6230
856 40 - ELECTRONIC LOCATION AND ACCESS
Uniform Resource Identifier <a href="https://www.cic.org.uk/strategicforum/pdf/targets.pdf">https://www.cic.org.uk/strategicforum/pdf/targets.pdf</a>
Public note View the publication at www.cic.org.uk
942 ## - ADDED ENTRY ELEMENTS (KOHA)
Suppress in OPAC 0
Holdings
Withdrawn status Lost status Source of classification or shelving scheme Damaged status Not for loan Home library Current library Shelving location Date acquired Total Checkouts Full call number Barcode Date last seen Copy number Price effective from Koha item type
    Dewey Decimal Classification     Virtual Virtual Online 02/07/2010   ONLINE PUBLICATION 150354-2001 06/08/2019 1 06/08/2019 Book